The Cambridge DIctionary of Sociology / (Record no. 79193)
[ view plain ]
| 000 -LEADER | |
|---|---|
| fixed length control field | 00684nam a22001937a 4500 |
| 005 - DATE AND TIME OF LATEST TRANSACTION | |
| control field | 20140224173426.0 |
| 010 ## - LCCN (DPL NO) | |
| LC control number | B-514086 |
| 020 ## - INTERNATIONAL STANDARD BOOK NUMBER | |
| International Standard Book Number | 9780521540469 |
| Terms of availability | 31.00 U.K. Rs.2543.00 |
| 035 ## - SYSTEM CONTROL NUMBER | |
| System control number | B-514086 |
| 037 ## - SOURCE OF ACQUISITION | |
| Source of stock number/acquisition | BSB/Ven. |
| Stock number | dpl |
| 082 ## - DEWEY DECIMAL CLASSIFICATION NUMBER | |
| Classification number | 301.03 |
| 245 ## - TITLE STATEMENT | |
| Title | The Cambridge DIctionary of Sociology / |
| Statement of responsibility, etc | edited by Bryan S. Turner |
| 260 ## - PUBLICATION, DISTRIBUTION, ETC. (IMPRINT) | |
| Name of publisher, distributor, etc | Cambridge University Press |
| Date of publication, distribution, etc | 2011(3rd repr.) |
| Place of publication, distribution, etc | Cambridge |
| 270 ## - ADDRESS | |
| Address | The Edinburgh Building |
| City | Cambridge |
| Postal code | CB2 8RU, UK |
| 300 ## - PHYSICAL DESCRIPTION | |
| Extent | xx,688p. |
| Dimensions | 25cm(pbk) |
| 700 ## - ADDED ENTRY--PERSONAL NAME | |
| Personal name | Turner, bryan S. |
| 942 ## - ADDED ENTRY ELEMENTS (KOHA) | |
| Source of classification or shelving scheme | Dewey Decimal Classification |
| Item type | English Books |
| Call number suffix | CAM |
| Classification part | 301.03 |
| Withdrawn status | Lost status | Not for loan | Collection code | Home library | Current library | Date acquired | Source of acquisition | Cost, normal purchase price | Full call number | Barcode | Copy number | Cost, replacement price | Koha item type |
|---|---|---|---|---|---|---|---|---|---|---|---|---|---|
| Not For Loan | Reference | Central Library | Central Library | 24/02/2014 | BSB/945/21.03.2013/169/08.03.2013/23.03.2013 | 2543.00 | 301.03 CAM | B-514086 | 1 | 2543.00 | English Books |
